000 00424nam a22001697a 4500
005 20180725151348.0
008 160430b xxu||||| |||| 00| 0 eng d
020 _a0-07-460366-3
041 _aeng
082 _b1094
_a658.3
100 _aSekaran , Uma
_9355
245 _aORGANIZATION BEHAVIOUR:taxt & Cases
260 _aNew Delhi
_bTata MC Graw Hill,
_c2003
300 _a269p,
650 _aManagement
_9241
942 _cBK
999 _c410
_d410